| 000 | 00661cab a2200205 4500 | ||
|---|---|---|---|
| 001 | WB2415-32 | ||
| 008 | 090401t1988 xxu||||| |||| 00| 0 eng d | ||
| 035 | _a(Sirsi) u21940 | ||
| 041 | _aeng | ||
| 245 | _aPetrol stations diversify | ||
| 260 | _c1988 | ||
| 350 | _a0 | ||
| 490 |
_aFinancial Times _v15/4/88 p18 |
||
| 520 | _aA report on the sale of petrol station sites by Margram to Heron International , with a development value of £15m, and looks at the diversification of these sites as retail outlets. | ||
| 650 | _aMOTOR TRADE | ||
| 650 | _aPETROL FILLING STATIONS | ||
| 690 | _aPROPERTY LAW AND PRACTICE | ||
| 942 | _n0 | ||
| 948 | _c04/03/1997 | ||
| 999 |
_c14702 _d14702 |
||